Data structures using C++ (Record no. 5275)
[ view plain ]
| 000 -LEADER | |
|---|---|
| fixed length control field | 00495nam a2200157Ia 4500 |
| 003 - CONTROL NUMBER IDENTIFIER | |
| control field | SGT |
| 020 ## - INTERNATIONAL STANDARD BOOK NUMBER | |
| International Standard Book Number | 9788131501061 |
| 082 ## - DEWEY DECIMAL CLASSIFICATION NUMBER | |
| Classification number | 5.73 |
| Item number | MAL |
| 100 ## - MAIN ENTRY--PERSONAL NAME | |
| Personal name | Malik,D.S |
| 245 ## - TITLE STATEMENT | |
| Title | Data structures using C++ |
| 260 ## - PUBLICATION, DISTRIBUTION, ETC. (IMPRINT) | |
| Name of publisher, distributor, etc | Cengage Learning |
| Place of publication, distribution, etc | Autralia |
| Year of Publication | 2010 |
| 300 ## - PAGE DESCRIPTION | |
| No. of Pages | 956p. |
| 650 ## - SUBJECT ADDED ENTRY--TOPICAL TERM | |
| Topical term or geographic name as entry element | COMPUTER SCIENCE |
| 653 ## - KEYWORDS--INDEX TERM | |
| Keyword term | SOFTWARE ENGINEERING PRINCIPLES AND C++ CLASSES,OBJECT-ORIENTED DESIGN (OOD) AND C++,POINTERS AND ARRAY-BASED LISTS,STANDARD TEMPLATE LIBRARY,LINKED LISTS |
| 942 ## - ADDED ENTRY ELEMENTS (KOHA) | |
| Source of classification or shelving scheme | Dewey Decimal Classification |
| Koha item type | Books |
| 942 ## - ADDED ENTRY ELEMENTS (KOHA) | |
| -- | 6 |
| Withdrawn status | Lost status | Source of classification or shelving scheme | Damaged status | Not for loan | Home library | Current library | Date acquired | SGTU | Total Checkouts | Full call number | Accession No. (Barcode) | Date last seen | Date last borrowed | Bill Date | Koha item type | Total Renewals | Use restrictions | Collection code | Shelving location |
|---|---|---|---|---|---|---|---|---|---|---|---|---|---|---|---|---|---|---|---|
| Dewey Decimal Classification | SGT Engineering Library | SGT Engineering Library | 02/07/2011 | SGTU | 2 | 5.73 MAL | FE3711 | 22/10/2019 | 15/10/2019 | 09/02/2015 | Books | ||||||||
| Dewey Decimal Classification | SGT Engineering Library | SGT Engineering Library | 02/07/2011 | SGTU | 3 | 5.73 MAL | FE3712 | 08/12/2021 | 23/11/2021 | 09/02/2015 | Books | 1 | |||||||
| Dewey Decimal Classification | Not For Loan | SGT Engineering Library | SGT Engineering Library | 02/07/2011 | SGTU | 5.73 MAL | FE3713 | 09/02/2015 | 09/02/2015 | Books | Restricted Access | ENGINEERING | Reference Book | ||||||
| Dewey Decimal Classification | SGT Engineering Library | SGT Engineering Library | 02/07/2011 | SGTU | 2 | 5.73 MAL | FE3714 | 04/09/2023 | 25/08/2023 | 09/02/2015 | Books | ||||||||
| Dewey Decimal Classification | SGT Engineering Library | SGT Engineering Library | 02/07/2011 | SGTU | 4 | 5.73 MAL | FE3715 | 18/10/2024 | 01/10/2024 | 09/02/2015 | Books | 1 |